=LDR 00000nam 2200000 4500 =001 INLIS000000000034078 =005 20130612140010 =008 ***********************************ind** =035 ##$$0010-061300000034078 =041 ##$$a ind =082 ##$$a 153. 9 =090 ##$$a 153. 9, Suy a =100 ##$$a Suyadi =245 ##$$a Anak yang menakjubkan, Suryadi ; editor, Michati Candra Dewi =260 ##$$a 2009 $b Yogyakarta =300 ##$$a 416 hlm, ilus, 21 cm =650 ##$$a INTELEGENSI MANUSIA =650 ##$$a Dewi Meichati Candra =850 ##$$a NBPNMAT